LEADER 00900nam a2200205 4500 001 000000341154 003 CaOOAMICUS 005 20200720103403.0 008 200720s1885 it a 000 u ita r 040 $aSeMil$bita 245 00$aVol. 3: L'Europa settentrionale, centrale ed occidentale /$cper T. Badia ...[et al.]. 264 1$aMilano [etc.] :$bFrancesco Vallardi,$c[1885] 300 $aXI, 941 p. :$bill. ;$c27 cm 700 1 $aBadia, Tito.$0(OLS)http://semarc/name/106216 773 0 $tTerra.$dMilano [etc.] : Francesco Vallardi, [1885]$g3$w()341151 850 $aSeMil 852 $aSeMil$W1$xVenegono$y1$m3XG VI 3 FA$j219927$B232146$CSeMilBibl$Z2$F232146 $8I 996 $6245$aVol. 3: L'Europa settentrionale, centrale ed occidentale$9(OLS)http://semarc/title/430211 996 $6264$aMilano [etc.] :$bFrancesco Vallardi$9(OLS)http://semarc/publisher/36386 LEADER 01213nam a2200277 i 4500 001 000000012871 003 CaOOAMICUS 005 20250117115203.0 008 180830s2003 it u000 u ita u 040 $aSeMil$bita 100 1 $aIustinus,$c.$0(OLS)http://semarc/name/89704 245 10$aDialogue avec Tryphon /$cJustin Martyr ; [éd.] Philippe Bobichon. 250 $aÉdition critique 260 $aFreiburg :$bAcademic Press,$c2003. 300 $a2 v. ;$c23 cm. 490 1 $aParadosis 650 4$aApologetica.$0(OLS)http://semarc/subject/703 650 4$aCristianesimo e ebraismo.$0(OLS)http://semarc/subject/44782 650 4$aGiudaismo e cristianesimo.$0(OLS)http://semarc/subject/2145 700 1 $aBobichon, Philippe.$0(OLS)http://semarc/name/6119 774 0 $t1: Introduction, texte grec, traduction.$z2-8271-0958-1$g1$w()115067 774 0 $t2: Notes de la traduction, Appendices, Indices.$z2-8271-0958-1$g2$w()134438 830 0$aParadosis ;$v47.$0(OLS)http://semarc/title/420187 996 $6245$aDialogue avec Tryphon$9(OLS)http://semarc/title/17134 996 $6260$aFreiburg :$bAcademic Press$9(OLS)http://semarc/publisher/33551